Monte de abrojos (Record no. 125093)
[ view plain ]
| 000 -LEADER | |
|---|---|
| campo de control de longitud fija | 00978nam a2200253 i 4500 |
| 001 - NÚMERO DE CONTROL | |
| campo de control | 125093 |
| 003 - IDENTIFICADOR DE NÚMERO DE CONTROL | |
| campo de control | ES-MaACL |
| 005 - FECHA Y HORA DE LA ÚLTIMA TRANSACCIÓN | |
| campo de control | 20240524110555.0 |
| 007 - CAMPO FIJO DE DESCRIPCIÓN FÍSICA--INFORMACIÓN GENERAL | |
| campo de control de longitud fija | t| |
| 008 - DATOS DE LONGITUD FIJA--INFORMACIÓN GENERAL | |
| campo de control de longitud fija | 070503s1931 sp ||||1| spa d |
| 080 ## - NÚMERO DE LA CLASIFICACIÓN DECIMAL UNIVERSAL | |
| Número de la Clasificación Decimal Universal | 860-22"19" |
| 100 1# - ENTRADA PRINCIPAL--NOMBRE DE PERSONA | |
| Nombre de persona | Castellón, José. |
| 9 (RLIN) | 36572 |
| 245 10 - MENCIÓN DEL TÍTULO | |
| Título | Monte de abrojos |
| Resto del título | : romance de aldea en tres actos / |
| Mención de responsabilidad, etc. | José Castellón ; dibujos de Gutiérrez Navas. |
| 260 ## - PUBLICACIÓN, DISTRIBUCIÓN, ETC. | |
| Lugar de publicación, distribución, etc. | Madrid : |
| Nombre del editor, distribuidor, etc. | Ribadeneyra, |
| Fecha de publicación, distribución, etc. | 1931. |
| 300 ## - DESCRIPCIÓN FÍSICA | |
| Extensión | 58 p. ; |
| Dimensiones | 17 cm. |
| 490 1# - MENCIÓN DE SERIE | |
| Mención de serie | La Farsa ; |
| Designación de volumen o secuencia | 180 |
| 500 ## - NOTA GENERAL | |
| Nota general | Estrenada en el Teatro de Calderón de Madrid, el día 14 de noviembre, de 1930. |
| 500 ## - NOTA GENERAL | |
| Nota general | Premio Infantado 1930. |
| 500 ## - NOTA GENERAL | |
| Nota general | Cubierta de este número: Carmen Muñoz Gar primera actriz de la Compañía de Enrique Borrás, que dió vida escénica a Isabela de Monte de Abrojos. |
| 700 1# - ENTRADA AGREGADA--NOMBRE PERSONAL | |
| Nombre de persona | Gutiérrez Navas, Manuel, |
| Fechas asociadas al nombre | 1890-1971 |
| 9 (RLIN) | 61196 |
| 830 0# - PUNTO DE ACCESO ADICIONAL DE SERIE-TÍTULO UNIFORME | |
| Título uniforme | La Farsa ; |
| Designación de volumen o secuencia | 180 |
| 9 (RLIN) | 185863 |
| 852 ## - LOCALIZACIÓN | |
| Ubicación | ES-MaACL |
| Número de control de estantería | 2229-F-7 |
| Sublocalización o colección | R.140840 |
| Estatus retirado | Estado de pérdida | Estado de daño | No para préstamo | Colección | Biblioteca de origen | Biblioteca actual | Ubicación en estantería | Fecha de adquisición | Fuente de adquisición | Total de préstamos | Signatura topográfica completa | Código de barras | Visto por última vez | Precio de reemplazo | Tipo de ítem Koha |
|---|---|---|---|---|---|---|---|---|---|---|---|---|---|---|---|
| Colección de folletos | Biblioteca del Ateneo de Madrid | Biblioteca del Ateneo de Madrid | Depósito folletos | 17/01/2008 | 2229-F-7 | 1130327 | 23/02/2023 | 23/02/2023 | Folleto |
